| 000 | 02046cam a22004814i 4500 | ||
|---|---|---|---|
| 003 | PE-LiUPU | ||
| 005 | 20260203121843.0 | ||
| 008 | 150623s r 000 0 d | ||
| 020 | _a0971102929 | ||
| 035 | _a(Sirsi) i9780971102927 | ||
| 040 |
_aPE-LiUPU _bspa _cPE-LiUPU _erda |
||
| 049 | _aPRUA | ||
| 082 | 0 | 4 |
_a269.2 _bD78 _221 |
| 100 | 1 |
_aDiop, Ganoune, _eautor. |
|
| 245 | 1 | 0 |
_aPortraits of Freedom and fellowship : _bthe gift of the gospel / _cGanoune Diop. |
| 264 | 1 |
_aCollegedale, TN : _bThe College Press, _c2001. |
|
| 300 |
_a165 páginas ; _c22 centímetros |
||
| 336 |
_atext _2rdacontent |
||
| 337 |
_aunmediated _2rdamedia |
||
| 338 |
_avolume _2rdacarrier |
||
| 504 | _aIncluye bibliografía. | ||
| 505 | 0 | _aThe Gospel of the revelation of God. The Gospel of Jesus Christ. The Gospel of the Holy Spirit. Between the already and the not-yet. The Gospel and the testimony of God's people. Summary of the Gospel. The Gospel of the kingdom (Isaiah 40). The Good news of the word (Isaiah 55). A new hearing (Matthew 5). A loving father (Luke 15). A unique prayer (John 17). The cross (Matthew 26 and 27). The victory that matters. The bigger picture. The second coming. Witnesses to the gospel. A way out of no way. | |
| 526 | _aSEG42 | ||
| 526 | _aSEG41 | ||
| 526 | _aSEG40 | ||
| 526 | _aSEG39 | ||
| 526 | _aP94 | ||
| 526 | _aP87 | ||
| 526 | _aP86 | ||
| 526 | _aP85 | ||
| 526 | _aP77 | ||
| 526 | _aP76 | ||
| 526 | _aP35 | ||
| 600 | 1 |
_aJesucristo _xEnseñanzas _9933 |
|
| 630 |
_aBiblia. _pN.T. _xLanguaje y estilo. |
||
| 650 | 0 | 0 |
_aSalvación _9870 |
| 942 |
_2ddc _cBOOK |
||
| 949 |
_a269.2 D78 _wDEWEY _c1 _i52375 _lCCODEBUL1 _mBUL _p4.00 _r0 _sY _tBOOK _u2015-6-24 _xTEOLOGIA _PP35 _0COMPRA _o.STAFF. Colección General |
||
| 994 |
_aC0 _bPEPRU |
||
| 596 | _a1 | ||
| 999 |
_a269.2 D78 _wDEWEY _c34200 _i52375 _f2021-11-10 _g5 _lCCODEBUL1 _mBUL _p4.00 _r0 _sY _tBOOK _u2015-6-24 _xTEOLOGIA _PP35 _0COMPRA _o.STAFF. Colección General _d34200 |
||
| 980 |
_818226 _gJaime Vilcazán Jefe de Análisis Documental |
||